Reformation Matching Game Quiz Stats

 Plays Quiz not verified by Sporcle

Score 0/44 Timer 08:00
0 Plays Today
% Correct
Martin Luther
73.9%
Katharina von Bora
73.4%
Purgatory
73.2%
1483
72.8%
Indulgence
72.7%
Monastery
72.5%
30 Years' War
72.5%
Small & Large Catechisms
70.6%
95 Theses
69.8%
Rome
69.2%
October 31, 1517
68.5%
Leo X
67.8%
1546
66.2%
Sacramentarians
65.8%
Wittenberg
64.4%
Charles V
63.6%
Johann Tetzel
62.9%
Holy Roman
62.2%
Address to the Christian Nobility of Germany
61.9%
Deutsche Messe (German Mass)
61.4%
Jan Huss
60.6%
1580
59.5%
% Correct
Frederick the Wise
59.2%
1530
58.9%
Eisleben
58%
Diet
57.5%
Diet of Worms
56.7%
Ulrich Zwingli
56.1%
Johann Staupitz
55.8%
Saxony
55.5%
1521
55.2%
Wartburg
53.5%
Colloquy
53.4%
On the Babylonian Captivity of the Church
52.5%
Gerhardt
52.3%
Smalcald Articles
52.1%
Augsburg Confession
49.5%
Diet of Augsburg
48.7%
Coburg
48%
Chemnitz
46.7%
Marburg Colloquy
46.7%
John the Steadfast
46.5%
Melanchthon
44.9%
Formula of Concord
41%

You're not logged in!

Compare scores with friends on all Sporcle quizzes.
OR
Log In

Show Comments

Extras

Top Quizzes Today


Score Distribution

Your Account Isn't Verified!

In order to create a playlist on Sporcle, you need to verify the email address you used during registration. Go to your Sporcle Settings to finish the process.

Report this User

Report this user for behavior that violates our Community Guidelines.

Details: